<?xml version="1.0" encoding="UTF-8"?>
<record
    xmlns:xsi="http://www.w3.org/2001/XMLSchema-instance"
    xsi:schemaLocation="http://www.loc.gov/MARC21/slim http://www.loc.gov/standards/marcxml/schema/MARC21slim.xsd"
    xmlns="http://www.loc.gov/MARC21/slim">

  <leader>01042nas a2200289 i 4500</leader>
  <controlfield tag="001">253244</controlfield>
  <controlfield tag="005">20260216080541.0</controlfield>
  <controlfield tag="007">ta</controlfield>
  <controlfield tag="008">260130e1986    dr f  p|co   ||   |o001 ||   | </controlfield>
  <datafield tag="011" ind1=" " ind2=" ">
    <subfield code="a">          </subfield>
  </datafield>
  <datafield tag="040" ind1=" " ind2=" ">
    <subfield code="a">DO-SdBNP</subfield>
    <subfield code="b">spa</subfield>
    <subfield code="c">BNPHU</subfield>
    <subfield code="e">rda</subfield>
  </datafield>
  <datafield tag="041" ind1=" " ind2=" ">
    <subfield code="h">spa</subfield>
  </datafield>
  <datafield tag="245" ind1=" " ind2=" ">
    <subfield code="a">Coloquios jur&#xED;dicos.</subfield>
  </datafield>
  <datafield tag="260" ind1=" " ind2=" ">
    <subfield code="b">Universidad APEC</subfield>
  </datafield>
  <datafield tag="264" ind1=" " ind2=" ">
    <subfield code="a">Santo Domingo, Rep&#xFA;blica Dominicana :</subfield>
    <subfield code="b">Universidad APEC,</subfield>
    <subfield code="c">1986.</subfield>
  </datafield>
  <datafield tag="300" ind1=" " ind2=" ">
    <subfield code="a">volumen ; </subfield>
    <subfield code="c">21 cm.</subfield>
  </datafield>
  <datafield tag="310" ind1=" " ind2=" ">
    <subfield code="a">Semestral.</subfield>
  </datafield>
  <datafield tag="336" ind1=" " ind2=" ">
    <subfield code="a">texto</subfield>
    <subfield code="b">txt</subfield>
    <subfield code="2">rdacontent </subfield>
  </datafield>
  <datafield tag="337" ind1=" " ind2=" ">
    <subfield code="a">sin mediaci&#xF3;n </subfield>
    <subfield code="b">n</subfield>
    <subfield code="2">rdamedia</subfield>
  </datafield>
  <datafield tag="338" ind1=" " ind2=" ">
    <subfield code="a">volumen </subfield>
    <subfield code="b">nc</subfield>
    <subfield code="2">rdacarrier</subfield>
  </datafield>
  <datafield tag="362" ind1=" " ind2=" ">
    <subfield code="a">A&#xF1;o 1, N&#xFA;mero 1, (julio-diciembre 1986).</subfield>
  </datafield>
  <datafield tag="500" ind1=" " ind2=" ">
    <subfield code="a">Catalogaci&#xF3;n basada en el n&#xFA;mero: A&#xF1;o 1, N&#xFA;mero 1, (julio-diciembre 1986).</subfield>
  </datafield>
  <datafield tag="650" ind1=" " ind2=" ">
    <subfield code="9">29816</subfield>
    <subfield code="a">Filosof&#xED;a del derecho</subfield>
    <subfield code="v">Publicaciones peri&#xF3;dicas </subfield>
  </datafield>
  <datafield tag="650" ind1=" " ind2="0">
    <subfield code="a">Desarrollo pol&#xED;tico</subfield>
    <subfield code="x">Jurisprudencia</subfield>
    <subfield code="v">Publicaciones peri&#xF3;dicas </subfield>
    <subfield code="9">48738</subfield>
  </datafield>
  <datafield tag="650" ind1=" " ind2=" ">
    <subfield code="9">48739</subfield>
    <subfield code="a">Derecho y sociedad</subfield>
    <subfield code="v">Publicaciones peri&#xF3;dicas </subfield>
    <subfield code="z">Rep&#xFA;blica Dominicana</subfield>
  </datafield>
  <datafield tag="942" ind1=" " ind2=" ">
    <subfield code="2">ddc</subfield>
    <subfield code="c">ISSUE</subfield>
  </datafield>
  <datafield tag="952" ind1=" " ind2=" ">
    <subfield code="0">0</subfield>
    <subfield code="1">0</subfield>
    <subfield code="2">ddc</subfield>
    <subfield code="4">0</subfield>
    <subfield code="5">6</subfield>
    <subfield code="7">0</subfield>
    <subfield code="8">SE</subfield>
    <subfield code="a">BNPHU</subfield>
    <subfield code="b">BNPHU</subfield>
    <subfield code="d">2026-01-30</subfield>
    <subfield code="h">A&#xF1;o 1, N&#xFA;mero 1, (julio-diciembre 1986)</subfield>
    <subfield code="l">0</subfield>
    <subfield code="p">2026-0551</subfield>
    <subfield code="r">2026-01-30</subfield>
    <subfield code="t">e.1</subfield>
    <subfield code="w">2026-01-30</subfield>
    <subfield code="y">ISSUE</subfield>
  </datafield>
  <datafield tag="952" ind1=" " ind2=" ">
    <subfield code="0">0</subfield>
    <subfield code="1">0</subfield>
    <subfield code="2">ddc</subfield>
    <subfield code="4">0</subfield>
    <subfield code="5">6</subfield>
    <subfield code="7">0</subfield>
    <subfield code="8">SE</subfield>
    <subfield code="a">BNPHU</subfield>
    <subfield code="b">BNPHU</subfield>
    <subfield code="d">2026-02-03</subfield>
    <subfield code="h">A&#xF1;o 2, N&#xFA;mero 2, (enero-junio 1987)</subfield>
    <subfield code="l">0</subfield>
    <subfield code="p">2026-0637</subfield>
    <subfield code="r">2026-02-03</subfield>
    <subfield code="t">e.1</subfield>
    <subfield code="w">2026-02-03</subfield>
    <subfield code="y">ISSUE</subfield>
  </datafield>
  <datafield tag="952" ind1=" " ind2=" ">
    <subfield code="0">0</subfield>
    <subfield code="1">0</subfield>
    <subfield code="2">ddc</subfield>
    <subfield code="4">0</subfield>
    <subfield code="5">6</subfield>
    <subfield code="7">0</subfield>
    <subfield code="8">SE</subfield>
    <subfield code="a">BNPHU</subfield>
    <subfield code="b">BNPHU</subfield>
    <subfield code="d">2026-02-03</subfield>
    <subfield code="h">A&#xF1;o 2, N&#xFA;mero 2, (enero-junio 1987)</subfield>
    <subfield code="l">0</subfield>
    <subfield code="p">2026-0638</subfield>
    <subfield code="r">2026-02-03</subfield>
    <subfield code="t">e.2</subfield>
    <subfield code="w">2026-02-03</subfield>
    <subfield code="y">ISSUE</subfield>
  </datafield>
  <datafield tag="952" ind1=" " ind2=" ">
    <subfield code="0">0</subfield>
    <subfield code="1">0</subfield>
    <subfield code="2">ddc</subfield>
    <subfield code="4">0</subfield>
    <subfield code="5">6</subfield>
    <subfield code="7">0</subfield>
    <subfield code="8">SE</subfield>
    <subfield code="a">BNPHU</subfield>
    <subfield code="b">BNPHU</subfield>
    <subfield code="d">2026-02-03</subfield>
    <subfield code="h">A&#xF1;o 2, N&#xFA;mero 2, (enero-junio 1987)</subfield>
    <subfield code="l">0</subfield>
    <subfield code="p">2026-0639</subfield>
    <subfield code="r">2026-02-03</subfield>
    <subfield code="t">e.3</subfield>
    <subfield code="w">2026-02-03</subfield>
    <subfield code="y">ISSUE</subfield>
  </datafield>
  <datafield tag="952" ind1=" " ind2=" ">
    <subfield code="0">0</subfield>
    <subfield code="1">0</subfield>
    <subfield code="2">ddc</subfield>
    <subfield code="4">0</subfield>
    <subfield code="5">6</subfield>
    <subfield code="7">0</subfield>
    <subfield code="8">SE</subfield>
    <subfield code="a">BNPHU</subfield>
    <subfield code="b">BNPHU</subfield>
    <subfield code="d">2026-02-03</subfield>
    <subfield code="h">A&#xF1;o 2, N&#xFA;mero 2, (enero-junio 1987)</subfield>
    <subfield code="l">0</subfield>
    <subfield code="p">2026-0640</subfield>
    <subfield code="r">2026-02-03</subfield>
    <subfield code="t">e.4</subfield>
    <subfield code="w">2026-02-03</subfield>
    <subfield code="y">ISSUE</subfield>
  </datafield>
  <datafield tag="952" ind1=" " ind2=" ">
    <subfield code="0">0</subfield>
    <subfield code="1">0</subfield>
    <subfield code="2">ddc</subfield>
    <subfield code="4">0</subfield>
    <subfield code="5">6</subfield>
    <subfield code="7">0</subfield>
    <subfield code="8">SE</subfield>
    <subfield code="a">BNPHU</subfield>
    <subfield code="b">BNPHU</subfield>
    <subfield code="d">2026-02-03</subfield>
    <subfield code="h">A&#xF1;o 2, N&#xFA;mero 2, (enero-junio 1987)</subfield>
    <subfield code="l">0</subfield>
    <subfield code="p">2026-0641</subfield>
    <subfield code="r">2026-02-03</subfield>
    <subfield code="t">e.5</subfield>
    <subfield code="w">2026-02-03</subfield>
    <subfield code="y">ISSUE</subfield>
  </datafield>
  <datafield tag="952" ind1=" " ind2=" ">
    <subfield code="0">0</subfield>
    <subfield code="1">0</subfield>
    <subfield code="2">ddc</subfield>
    <subfield code="4">0</subfield>
    <subfield code="5">6</subfield>
    <subfield code="7">0</subfield>
    <subfield code="8">SE</subfield>
    <subfield code="a">BNPHU</subfield>
    <subfield code="b">BNPHU</subfield>
    <subfield code="d">2026-02-03</subfield>
    <subfield code="h">A&#xF1;o 2, N&#xFA;mero 3, (julio-diciembre 1987)</subfield>
    <subfield code="l">0</subfield>
    <subfield code="p">2026-0642</subfield>
    <subfield code="r">2026-02-03</subfield>
    <subfield code="t">e.1</subfield>
    <subfield code="w">2026-02-03</subfield>
    <subfield code="y">ISSUE</subfield>
  </datafield>
  <datafield tag="952" ind1=" " ind2=" ">
    <subfield code="0">0</subfield>
    <subfield code="1">0</subfield>
    <subfield code="2">ddc</subfield>
    <subfield code="4">0</subfield>
    <subfield code="5">6</subfield>
    <subfield code="7">0</subfield>
    <subfield code="8">SE</subfield>
    <subfield code="a">BNPHU</subfield>
    <subfield code="b">BNPHU</subfield>
    <subfield code="d">2026-02-03</subfield>
    <subfield code="h">A&#xF1;o 2, N&#xFA;mero 3, (julio-diciembre 1987)</subfield>
    <subfield code="l">0</subfield>
    <subfield code="p">2026-0643</subfield>
    <subfield code="r">2026-02-03</subfield>
    <subfield code="t">e.2</subfield>
    <subfield code="w">2026-02-03</subfield>
    <subfield code="y">ISSUE</subfield>
  </datafield>
  <datafield tag="952" ind1=" " ind2=" ">
    <subfield code="0">0</subfield>
    <subfield code="1">0</subfield>
    <subfield code="2">ddc</subfield>
    <subfield code="4">0</subfield>
    <subfield code="5">6</subfield>
    <subfield code="7">0</subfield>
    <subfield code="8">SE</subfield>
    <subfield code="a">BNPHU</subfield>
    <subfield code="b">BNPHU</subfield>
    <subfield code="d">2026-02-03</subfield>
    <subfield code="h">A&#xF1;o 2, N&#xFA;mero 3, (julio-diciembre 1987)</subfield>
    <subfield code="l">0</subfield>
    <subfield code="p">2026-0644</subfield>
    <subfield code="r">2026-02-03</subfield>
    <subfield code="t">e.3</subfield>
    <subfield code="w">2026-02-03</subfield>
    <subfield code="y">ISSUE</subfield>
  </datafield>
  <datafield tag="952" ind1=" " ind2=" ">
    <subfield code="0">0</subfield>
    <subfield code="1">0</subfield>
    <subfield code="2">ddc</subfield>
    <subfield code="4">0</subfield>
    <subfield code="5">6</subfield>
    <subfield code="7">0</subfield>
    <subfield code="8">SE</subfield>
    <subfield code="a">BNPHU</subfield>
    <subfield code="b">BNPHU</subfield>
    <subfield code="d">2026-02-03</subfield>
    <subfield code="h">A&#xF1;o 2, N&#xFA;mero 3, (julio-diciembre 1987)</subfield>
    <subfield code="l">0</subfield>
    <subfield code="p">2026-0645</subfield>
    <subfield code="r">2026-02-03</subfield>
    <subfield code="t">e.4</subfield>
    <subfield code="w">2026-02-03</subfield>
    <subfield code="y">ISSUE</subfield>
  </datafield>
  <datafield tag="952" ind1=" " ind2=" ">
    <subfield code="0">0</subfield>
    <subfield code="1">0</subfield>
    <subfield code="2">ddc</subfield>
    <subfield code="4">0</subfield>
    <subfield code="5">6</subfield>
    <subfield code="7">0</subfield>
    <subfield code="8">SE</subfield>
    <subfield code="a">BNPHU</subfield>
    <subfield code="b">BNPHU</subfield>
    <subfield code="d">2026-02-03</subfield>
    <subfield code="h">A&#xF1;o 2, N&#xFA;mero 3, (julio-diciembre 1987)</subfield>
    <subfield code="l">0</subfield>
    <subfield code="p">2026-0646</subfield>
    <subfield code="r">2026-02-03</subfield>
    <subfield code="t">e.5</subfield>
    <subfield code="w">2026-02-03</subfield>
    <subfield code="y">ISSUE</subfield>
  </datafield>
  <datafield tag="952" ind1=" " ind2=" ">
    <subfield code="0">0</subfield>
    <subfield code="1">0</subfield>
    <subfield code="2">ddc</subfield>
    <subfield code="4">0</subfield>
    <subfield code="5">6</subfield>
    <subfield code="7">0</subfield>
    <subfield code="8">SE</subfield>
    <subfield code="a">BNPHU</subfield>
    <subfield code="b">BNPHU</subfield>
    <subfield code="d">2026-02-03</subfield>
    <subfield code="h">A&#xF1;o 3, N&#xFA;mero 4, (enero-junio 1988)</subfield>
    <subfield code="l">0</subfield>
    <subfield code="p">2026-0647</subfield>
    <subfield code="r">2026-02-03</subfield>
    <subfield code="t">e.1</subfield>
    <subfield code="w">2026-02-03</subfield>
    <subfield code="y">ISSUE</subfield>
  </datafield>
  <datafield tag="952" ind1=" " ind2=" ">
    <subfield code="0">0</subfield>
    <subfield code="1">0</subfield>
    <subfield code="2">ddc</subfield>
    <subfield code="4">0</subfield>
    <subfield code="5">6</subfield>
    <subfield code="7">0</subfield>
    <subfield code="8">SE</subfield>
    <subfield code="a">BNPHU</subfield>
    <subfield code="b">BNPHU</subfield>
    <subfield code="d">2026-02-03</subfield>
    <subfield code="h">A&#xF1;o 3, N&#xFA;mero 4, (enero-junio 1988)</subfield>
    <subfield code="l">0</subfield>
    <subfield code="p">2026-0648</subfield>
    <subfield code="r">2026-02-03</subfield>
    <subfield code="t">e.2</subfield>
    <subfield code="w">2026-02-03</subfield>
    <subfield code="y">ISSUE</subfield>
  </datafield>
  <datafield tag="952" ind1=" " ind2=" ">
    <subfield code="0">0</subfield>
    <subfield code="1">0</subfield>
    <subfield code="2">ddc</subfield>
    <subfield code="4">0</subfield>
    <subfield code="5">6</subfield>
    <subfield code="7">0</subfield>
    <subfield code="8">SE</subfield>
    <subfield code="a">BNPHU</subfield>
    <subfield code="b">BNPHU</subfield>
    <subfield code="d">2026-02-03</subfield>
    <subfield code="h">A&#xF1;o 3, N&#xFA;mero 5, (julio-diciembre 1988)</subfield>
    <subfield code="l">0</subfield>
    <subfield code="p">2026-0649</subfield>
    <subfield code="r">2026-02-03</subfield>
    <subfield code="t">e.1</subfield>
    <subfield code="w">2026-02-03</subfield>
    <subfield code="y">ISSUE</subfield>
  </datafield>
  <datafield tag="952" ind1=" " ind2=" ">
    <subfield code="0">0</subfield>
    <subfield code="1">0</subfield>
    <subfield code="2">ddc</subfield>
    <subfield code="4">0</subfield>
    <subfield code="5">6</subfield>
    <subfield code="7">0</subfield>
    <subfield code="8">SE</subfield>
    <subfield code="a">BNPHU</subfield>
    <subfield code="b">BNPHU</subfield>
    <subfield code="d">2026-02-03</subfield>
    <subfield code="h">A&#xF1;o 3, N&#xFA;mero 5, (julio-diciembre 1988)</subfield>
    <subfield code="l">0</subfield>
    <subfield code="p">2026-0650</subfield>
    <subfield code="r">2026-02-03</subfield>
    <subfield code="t">e.2</subfield>
    <subfield code="w">2026-02-03</subfield>
    <subfield code="y">ISSUE</subfield>
  </datafield>
  <datafield tag="952" ind1=" " ind2=" ">
    <subfield code="0">0</subfield>
    <subfield code="1">0</subfield>
    <subfield code="2">ddc</subfield>
    <subfield code="4">0</subfield>
    <subfield code="5">6</subfield>
    <subfield code="7">0</subfield>
    <subfield code="8">SE</subfield>
    <subfield code="a">BNPHU</subfield>
    <subfield code="b">BNPHU</subfield>
    <subfield code="d">2026-02-03</subfield>
    <subfield code="h">A&#xF1;o 3, N&#xFA;mero 5, (julio-diciembre 1988)</subfield>
    <subfield code="l">0</subfield>
    <subfield code="p">2026-0651</subfield>
    <subfield code="r">2026-02-03</subfield>
    <subfield code="t">e.3</subfield>
    <subfield code="w">2026-02-03</subfield>
    <subfield code="y">ISSUE</subfield>
  </datafield>
  <datafield tag="952" ind1=" " ind2=" ">
    <subfield code="0">0</subfield>
    <subfield code="1">0</subfield>
    <subfield code="2">ddc</subfield>
    <subfield code="4">0</subfield>
    <subfield code="5">6</subfield>
    <subfield code="7">0</subfield>
    <subfield code="8">SE</subfield>
    <subfield code="a">BNPHU</subfield>
    <subfield code="b">BNPHU</subfield>
    <subfield code="d">2026-02-03</subfield>
    <subfield code="h">A&#xF1;o 4, N&#xFA;mero 6, (enero-junio 1989)</subfield>
    <subfield code="l">0</subfield>
    <subfield code="p">2026-0652</subfield>
    <subfield code="r">2026-02-03</subfield>
    <subfield code="t">e.1</subfield>
    <subfield code="w">2026-02-03</subfield>
    <subfield code="y">ISSUE</subfield>
  </datafield>
  <datafield tag="952" ind1=" " ind2=" ">
    <subfield code="0">0</subfield>
    <subfield code="1">0</subfield>
    <subfield code="2">ddc</subfield>
    <subfield code="4">0</subfield>
    <subfield code="5">6</subfield>
    <subfield code="7">0</subfield>
    <subfield code="8">SE</subfield>
    <subfield code="a">BNPHU</subfield>
    <subfield code="b">BNPHU</subfield>
    <subfield code="d">2026-02-03</subfield>
    <subfield code="h">A&#xF1;o 4, N&#xFA;mero 6, (enero-junio 1989)</subfield>
    <subfield code="l">0</subfield>
    <subfield code="p">2026-0653</subfield>
    <subfield code="r">2026-02-03</subfield>
    <subfield code="t">e.2</subfield>
    <subfield code="w">2026-02-03</subfield>
    <subfield code="y">ISSUE</subfield>
  </datafield>
  <datafield tag="952" ind1=" " ind2=" ">
    <subfield code="0">0</subfield>
    <subfield code="1">0</subfield>
    <subfield code="2">ddc</subfield>
    <subfield code="4">0</subfield>
    <subfield code="5">6</subfield>
    <subfield code="7">0</subfield>
    <subfield code="8">SE</subfield>
    <subfield code="a">BNPHU</subfield>
    <subfield code="b">BNPHU</subfield>
    <subfield code="d">2026-02-03</subfield>
    <subfield code="h">A&#xF1;o 4, N&#xFA;mero 6, (enero-junio 1989)</subfield>
    <subfield code="l">0</subfield>
    <subfield code="p">2026-0654</subfield>
    <subfield code="r">2026-02-03</subfield>
    <subfield code="t">e.3</subfield>
    <subfield code="w">2026-02-03</subfield>
    <subfield code="y">ISSUE</subfield>
  </datafield>
  <datafield tag="952" ind1=" " ind2=" ">
    <subfield code="0">0</subfield>
    <subfield code="1">0</subfield>
    <subfield code="2">ddc</subfield>
    <subfield code="4">0</subfield>
    <subfield code="5">6</subfield>
    <subfield code="7">0</subfield>
    <subfield code="8">SE</subfield>
    <subfield code="a">BNPHU</subfield>
    <subfield code="b">BNPHU</subfield>
    <subfield code="d">2026-02-03</subfield>
    <subfield code="h">A&#xF1;o 4, N&#xFA;mero 6, (enero-junio 1989)</subfield>
    <subfield code="l">0</subfield>
    <subfield code="p">2026-0655</subfield>
    <subfield code="r">2026-02-03</subfield>
    <subfield code="t">e.4</subfield>
    <subfield code="w">2026-02-03</subfield>
    <subfield code="y">ISSUE</subfield>
  </datafield>
  <datafield tag="952" ind1=" " ind2=" ">
    <subfield code="0">0</subfield>
    <subfield code="1">0</subfield>
    <subfield code="2">ddc</subfield>
    <subfield code="4">0</subfield>
    <subfield code="5">6</subfield>
    <subfield code="7">0</subfield>
    <subfield code="8">SE</subfield>
    <subfield code="a">BNPHU</subfield>
    <subfield code="b">BNPHU</subfield>
    <subfield code="d">2026-02-03</subfield>
    <subfield code="h">A&#xF1;o 4, N&#xFA;mero 7, (julio-diciembre 1989)</subfield>
    <subfield code="l">0</subfield>
    <subfield code="p">2026-0656</subfield>
    <subfield code="r">2026-02-03</subfield>
    <subfield code="t">e.1</subfield>
    <subfield code="w">2026-02-03</subfield>
    <subfield code="y">ISSUE</subfield>
  </datafield>
  <datafield tag="952" ind1=" " ind2=" ">
    <subfield code="0">0</subfield>
    <subfield code="1">0</subfield>
    <subfield code="2">ddc</subfield>
    <subfield code="4">0</subfield>
    <subfield code="5">6</subfield>
    <subfield code="7">0</subfield>
    <subfield code="8">SE</subfield>
    <subfield code="a">BNPHU</subfield>
    <subfield code="b">BNPHU</subfield>
    <subfield code="d">2026-02-03</subfield>
    <subfield code="h">A&#xF1;o 4, N&#xFA;mero 7, (julio-diciembre 1989)</subfield>
    <subfield code="l">0</subfield>
    <subfield code="p">2026-0657</subfield>
    <subfield code="r">2026-02-03</subfield>
    <subfield code="t">e.2</subfield>
    <subfield code="w">2026-02-03</subfield>
    <subfield code="y">ISSUE</subfield>
  </datafield>
  <datafield tag="952" ind1=" " ind2=" ">
    <subfield code="0">0</subfield>
    <subfield code="1">0</subfield>
    <subfield code="2">ddc</subfield>
    <subfield code="4">0</subfield>
    <subfield code="5">6</subfield>
    <subfield code="7">0</subfield>
    <subfield code="8">SE</subfield>
    <subfield code="a">BNPHU</subfield>
    <subfield code="b">BNPHU</subfield>
    <subfield code="d">2026-02-03</subfield>
    <subfield code="h">A&#xF1;o 4, N&#xFA;mero 8, (enero-junio 1990)</subfield>
    <subfield code="l">0</subfield>
    <subfield code="p">2026-0658</subfield>
    <subfield code="r">2026-02-03</subfield>
    <subfield code="t">e.1</subfield>
    <subfield code="w">2026-02-03</subfield>
    <subfield code="y">ISSUE</subfield>
  </datafield>
  <datafield tag="952" ind1=" " ind2=" ">
    <subfield code="0">0</subfield>
    <subfield code="1">0</subfield>
    <subfield code="2">ddc</subfield>
    <subfield code="4">0</subfield>
    <subfield code="5">6</subfield>
    <subfield code="7">0</subfield>
    <subfield code="8">SE</subfield>
    <subfield code="a">BNPHU</subfield>
    <subfield code="b">BNPHU</subfield>
    <subfield code="d">2026-02-03</subfield>
    <subfield code="h">A&#xF1;o 4, N&#xFA;mero 8, (enero-junio 1990)</subfield>
    <subfield code="l">0</subfield>
    <subfield code="p">2026-0659</subfield>
    <subfield code="r">2026-02-03</subfield>
    <subfield code="t">e.2</subfield>
    <subfield code="w">2026-02-03</subfield>
    <subfield code="y">ISSUE</subfield>
  </datafield>
  <datafield tag="952" ind1=" " ind2=" ">
    <subfield code="0">0</subfield>
    <subfield code="1">0</subfield>
    <subfield code="2">ddc</subfield>
    <subfield code="4">0</subfield>
    <subfield code="5">6</subfield>
    <subfield code="7">0</subfield>
    <subfield code="8">SE</subfield>
    <subfield code="a">BNPHU</subfield>
    <subfield code="b">BNPHU</subfield>
    <subfield code="d">2026-02-03</subfield>
    <subfield code="h">A&#xF1;o 4, N&#xFA;mero 8, (enero-junio 1990)</subfield>
    <subfield code="l">0</subfield>
    <subfield code="p">2026-0660</subfield>
    <subfield code="r">2026-02-03</subfield>
    <subfield code="t">e.3</subfield>
    <subfield code="w">2026-02-03</subfield>
    <subfield code="y">ISSUE</subfield>
  </datafield>
  <datafield tag="952" ind1=" " ind2=" ">
    <subfield code="0">0</subfield>
    <subfield code="1">0</subfield>
    <subfield code="2">ddc</subfield>
    <subfield code="4">0</subfield>
    <subfield code="5">6</subfield>
    <subfield code="7">0</subfield>
    <subfield code="8">SE</subfield>
    <subfield code="a">BNPHU</subfield>
    <subfield code="b">BNPHU</subfield>
    <subfield code="d">2026-02-03</subfield>
    <subfield code="h">A&#xF1;o 4, N&#xFA;mero 8, (enero-junio 1990)</subfield>
    <subfield code="l">0</subfield>
    <subfield code="p">2026-0661</subfield>
    <subfield code="r">2026-02-03</subfield>
    <subfield code="t">e.4</subfield>
    <subfield code="w">2026-02-03</subfield>
    <subfield code="y">ISSUE</subfield>
  </datafield>
  <datafield tag="952" ind1=" " ind2=" ">
    <subfield code="0">0</subfield>
    <subfield code="1">0</subfield>
    <subfield code="2">ddc</subfield>
    <subfield code="4">0</subfield>
    <subfield code="5">6</subfield>
    <subfield code="7">0</subfield>
    <subfield code="8">SE</subfield>
    <subfield code="a">BNPHU</subfield>
    <subfield code="b">BNPHU</subfield>
    <subfield code="d">2026-02-03</subfield>
    <subfield code="h">A&#xF1;o 4, N&#xFA;mero 8, (enero-junio 1990)</subfield>
    <subfield code="l">0</subfield>
    <subfield code="p">2026-0662</subfield>
    <subfield code="r">2026-02-03</subfield>
    <subfield code="t">e.5</subfield>
    <subfield code="w">2026-02-03</subfield>
    <subfield code="y">ISSUE</subfield>
  </datafield>
  <datafield tag="952" ind1=" " ind2=" ">
    <subfield code="0">0</subfield>
    <subfield code="1">0</subfield>
    <subfield code="2">ddc</subfield>
    <subfield code="4">0</subfield>
    <subfield code="5">6</subfield>
    <subfield code="7">0</subfield>
    <subfield code="8">SE</subfield>
    <subfield code="a">BNPHU</subfield>
    <subfield code="b">BNPHU</subfield>
    <subfield code="d">2026-02-03</subfield>
    <subfield code="h">A&#xF1;o 4, N&#xFA;mero 9, (julio-diciembrer 1990)</subfield>
    <subfield code="l">0</subfield>
    <subfield code="p">2026-0663</subfield>
    <subfield code="r">2026-02-03</subfield>
    <subfield code="t">e.1</subfield>
    <subfield code="w">2026-02-03</subfield>
    <subfield code="y">ISSUE</subfield>
  </datafield>
  <datafield tag="952" ind1=" " ind2=" ">
    <subfield code="0">0</subfield>
    <subfield code="1">0</subfield>
    <subfield code="2">ddc</subfield>
    <subfield code="4">0</subfield>
    <subfield code="5">6</subfield>
    <subfield code="7">0</subfield>
    <subfield code="8">SE</subfield>
    <subfield code="a">BNPHU</subfield>
    <subfield code="b">BNPHU</subfield>
    <subfield code="d">2026-02-03</subfield>
    <subfield code="h">A&#xF1;o 4, N&#xFA;mero 9, (julio-diciembrer 1990)</subfield>
    <subfield code="l">0</subfield>
    <subfield code="p">2026-0664</subfield>
    <subfield code="r">2026-02-03</subfield>
    <subfield code="t">e.2</subfield>
    <subfield code="w">2026-02-03</subfield>
    <subfield code="y">ISSUE</subfield>
  </datafield>
  <datafield tag="952" ind1=" " ind2=" ">
    <subfield code="0">0</subfield>
    <subfield code="1">0</subfield>
    <subfield code="2">ddc</subfield>
    <subfield code="4">0</subfield>
    <subfield code="5">6</subfield>
    <subfield code="7">0</subfield>
    <subfield code="8">SE</subfield>
    <subfield code="a">BNPHU</subfield>
    <subfield code="b">BNPHU</subfield>
    <subfield code="d">2026-02-03</subfield>
    <subfield code="h">A&#xF1;o 4, N&#xFA;mero 9, (julio-diciembrer 1990)</subfield>
    <subfield code="l">0</subfield>
    <subfield code="p">2026-0665</subfield>
    <subfield code="r">2026-02-03</subfield>
    <subfield code="t">e.3</subfield>
    <subfield code="w">2026-02-03</subfield>
    <subfield code="y">ISSUE</subfield>
  </datafield>
  <datafield tag="952" ind1=" " ind2=" ">
    <subfield code="0">0</subfield>
    <subfield code="1">0</subfield>
    <subfield code="2">ddc</subfield>
    <subfield code="4">0</subfield>
    <subfield code="5">6</subfield>
    <subfield code="7">0</subfield>
    <subfield code="8">SE</subfield>
    <subfield code="a">BNPHU</subfield>
    <subfield code="b">BNPHU</subfield>
    <subfield code="d">2026-02-03</subfield>
    <subfield code="h">N&#xFA;mero 11, (enero-1998,marzo 1999)</subfield>
    <subfield code="l">0</subfield>
    <subfield code="p">2026-0666</subfield>
    <subfield code="r">2026-02-03</subfield>
    <subfield code="t">e.1</subfield>
    <subfield code="w">2026-02-03</subfield>
    <subfield code="y">ISSUE</subfield>
  </datafield>
  <datafield tag="952" ind1=" " ind2=" ">
    <subfield code="0">0</subfield>
    <subfield code="1">0</subfield>
    <subfield code="2">ddc</subfield>
    <subfield code="4">0</subfield>
    <subfield code="5">6</subfield>
    <subfield code="7">0</subfield>
    <subfield code="8">SE</subfield>
    <subfield code="a">BNPHU</subfield>
    <subfield code="b">BNPHU</subfield>
    <subfield code="d">2026-02-03</subfield>
    <subfield code="h">N&#xFA;mero 11, (enero-1998,marzo 1999)</subfield>
    <subfield code="l">0</subfield>
    <subfield code="p">2026-0667</subfield>
    <subfield code="r">2026-02-03</subfield>
    <subfield code="t">e.2</subfield>
    <subfield code="w">2026-02-03</subfield>
    <subfield code="y">ISSUE</subfield>
  </datafield>
  <datafield tag="952" ind1=" " ind2=" ">
    <subfield code="0">0</subfield>
    <subfield code="1">0</subfield>
    <subfield code="2">ddc</subfield>
    <subfield code="4">0</subfield>
    <subfield code="5">6</subfield>
    <subfield code="7">0</subfield>
    <subfield code="8">SE</subfield>
    <subfield code="a">BNPHU</subfield>
    <subfield code="b">BNPHU</subfield>
    <subfield code="d">2026-02-03</subfield>
    <subfield code="h">N&#xFA;mero 11, (enero-1998,marzo 1999)</subfield>
    <subfield code="l">0</subfield>
    <subfield code="p">2026-0668</subfield>
    <subfield code="r">2026-02-03</subfield>
    <subfield code="t">e.3</subfield>
    <subfield code="w">2026-02-03</subfield>
    <subfield code="y">ISSUE</subfield>
  </datafield>
  <datafield tag="952" ind1=" " ind2=" ">
    <subfield code="0">0</subfield>
    <subfield code="1">0</subfield>
    <subfield code="2">ddc</subfield>
    <subfield code="4">0</subfield>
    <subfield code="5">6</subfield>
    <subfield code="7">0</subfield>
    <subfield code="8">SE</subfield>
    <subfield code="a">BNPHU</subfield>
    <subfield code="b">BNPHU</subfield>
    <subfield code="d">2026-02-03</subfield>
    <subfield code="h">N&#xFA;mero 11, (enero-1998,marzo 1999)</subfield>
    <subfield code="l">0</subfield>
    <subfield code="p">2026-0669</subfield>
    <subfield code="r">2026-02-03</subfield>
    <subfield code="t">e.4</subfield>
    <subfield code="w">2026-02-03</subfield>
    <subfield code="y">ISSUE</subfield>
  </datafield>
  <datafield tag="952" ind1=" " ind2=" ">
    <subfield code="0">0</subfield>
    <subfield code="1">0</subfield>
    <subfield code="2">ddc</subfield>
    <subfield code="4">0</subfield>
    <subfield code="5">6</subfield>
    <subfield code="7">0</subfield>
    <subfield code="8">SE</subfield>
    <subfield code="a">BNPHU</subfield>
    <subfield code="b">BNPHU</subfield>
    <subfield code="d">2026-02-03</subfield>
    <subfield code="h">N&#xFA;mero 12, (abril 1999-junio 1999 )</subfield>
    <subfield code="l">0</subfield>
    <subfield code="p">2026-0670</subfield>
    <subfield code="r">2026-02-03</subfield>
    <subfield code="t">e.1</subfield>
    <subfield code="w">2026-02-03</subfield>
    <subfield code="y">ISSUE</subfield>
  </datafield>
  <datafield tag="952" ind1=" " ind2=" ">
    <subfield code="0">0</subfield>
    <subfield code="1">0</subfield>
    <subfield code="2">ddc</subfield>
    <subfield code="4">0</subfield>
    <subfield code="5">6</subfield>
    <subfield code="7">0</subfield>
    <subfield code="8">SE</subfield>
    <subfield code="a">BNPHU</subfield>
    <subfield code="b">BNPHU</subfield>
    <subfield code="d">2026-02-03</subfield>
    <subfield code="h">N&#xFA;mero 12, (abril 1999-junio 1999 )</subfield>
    <subfield code="l">0</subfield>
    <subfield code="p">2026-0671</subfield>
    <subfield code="r">2026-02-03</subfield>
    <subfield code="t">e.2</subfield>
    <subfield code="w">2026-02-03</subfield>
    <subfield code="y">ISSUE</subfield>
  </datafield>
  <datafield tag="952" ind1=" " ind2=" ">
    <subfield code="0">0</subfield>
    <subfield code="1">0</subfield>
    <subfield code="2">ddc</subfield>
    <subfield code="4">0</subfield>
    <subfield code="5">6</subfield>
    <subfield code="7">0</subfield>
    <subfield code="8">SE</subfield>
    <subfield code="a">BNPHU</subfield>
    <subfield code="b">BNPHU</subfield>
    <subfield code="d">2026-02-03</subfield>
    <subfield code="h">N&#xFA;mero 12, (abril 1999-junio 1999 )</subfield>
    <subfield code="l">0</subfield>
    <subfield code="p">2026-0672</subfield>
    <subfield code="r">2026-02-03</subfield>
    <subfield code="t">e.3</subfield>
    <subfield code="w">2026-02-03</subfield>
    <subfield code="y">ISSUE</subfield>
  </datafield>
  <datafield tag="952" ind1=" " ind2=" ">
    <subfield code="0">0</subfield>
    <subfield code="1">0</subfield>
    <subfield code="2">ddc</subfield>
    <subfield code="4">0</subfield>
    <subfield code="5">6</subfield>
    <subfield code="7">0</subfield>
    <subfield code="8">SE</subfield>
    <subfield code="a">BNPHU</subfield>
    <subfield code="b">BNPHU</subfield>
    <subfield code="d">2026-02-03</subfield>
    <subfield code="h">N&#xFA;mero 12, (abril 1999-junio 1999 )</subfield>
    <subfield code="l">0</subfield>
    <subfield code="p">2026-0673</subfield>
    <subfield code="r">2026-02-03</subfield>
    <subfield code="t">e.4</subfield>
    <subfield code="w">2026-02-03</subfield>
    <subfield code="y">ISSUE</subfield>
  </datafield>
  <datafield tag="952" ind1=" " ind2=" ">
    <subfield code="0">0</subfield>
    <subfield code="1">0</subfield>
    <subfield code="2">ddc</subfield>
    <subfield code="4">0</subfield>
    <subfield code="5">6</subfield>
    <subfield code="7">0</subfield>
    <subfield code="8">SE</subfield>
    <subfield code="a">BNPHU</subfield>
    <subfield code="b">BNPHU</subfield>
    <subfield code="d">2026-02-03</subfield>
    <subfield code="h">N&#xFA;mero 15, (septiembre 2008- diciembre 1999 )</subfield>
    <subfield code="l">0</subfield>
    <subfield code="p">2026-0674</subfield>
    <subfield code="r">2026-02-03</subfield>
    <subfield code="t">e.1</subfield>
    <subfield code="w">2026-02-03</subfield>
    <subfield code="y">ISSUE</subfield>
  </datafield>
  <datafield tag="952" ind1=" " ind2=" ">
    <subfield code="0">0</subfield>
    <subfield code="1">0</subfield>
    <subfield code="2">ddc</subfield>
    <subfield code="4">0</subfield>
    <subfield code="5">6</subfield>
    <subfield code="7">0</subfield>
    <subfield code="8">SE</subfield>
    <subfield code="a">BNPHU</subfield>
    <subfield code="b">BNPHU</subfield>
    <subfield code="d">2026-02-03</subfield>
    <subfield code="h">N&#xFA;mero 15, (septiembre 2008- diciembre 1999 )</subfield>
    <subfield code="l">0</subfield>
    <subfield code="p">2026-0675</subfield>
    <subfield code="r">2026-02-03</subfield>
    <subfield code="t">e.2</subfield>
    <subfield code="w">2026-02-03</subfield>
    <subfield code="y">ISSUE</subfield>
  </datafield>
  <datafield tag="952" ind1=" " ind2=" ">
    <subfield code="0">0</subfield>
    <subfield code="1">0</subfield>
    <subfield code="2">ddc</subfield>
    <subfield code="4">0</subfield>
    <subfield code="5">6</subfield>
    <subfield code="7">0</subfield>
    <subfield code="8">SE</subfield>
    <subfield code="a">BNPHU</subfield>
    <subfield code="b">BNPHU</subfield>
    <subfield code="d">2026-02-03</subfield>
    <subfield code="h">N&#xFA;mero 15, (septiembre 2008- diciembre 1999 )</subfield>
    <subfield code="l">0</subfield>
    <subfield code="p">2026-0676</subfield>
    <subfield code="r">2026-02-03</subfield>
    <subfield code="t">e.3</subfield>
    <subfield code="w">2026-02-03</subfield>
    <subfield code="y">ISSUE</subfield>
  </datafield>
  <datafield tag="952" ind1=" " ind2=" ">
    <subfield code="0">0</subfield>
    <subfield code="1">0</subfield>
    <subfield code="2">ddc</subfield>
    <subfield code="4">0</subfield>
    <subfield code="5">6</subfield>
    <subfield code="7">0</subfield>
    <subfield code="8">SE</subfield>
    <subfield code="a">BNPHU</subfield>
    <subfield code="b">BNPHU</subfield>
    <subfield code="d">2026-02-06</subfield>
    <subfield code="h">A&#xF1;o 4, N&#xFA;mero 8, (enero-junio 1990)</subfield>
    <subfield code="l">0</subfield>
    <subfield code="p">2026-0807</subfield>
    <subfield code="r">2026-02-06</subfield>
    <subfield code="t">e.4</subfield>
    <subfield code="w">2026-02-06</subfield>
    <subfield code="y">ISSUE</subfield>
  </datafield>
  <datafield tag="999" ind1=" " ind2=" ">
    <subfield code="c">60171</subfield>
    <subfield code="d">60171</subfield>
  </datafield>
</record>
